000 00521nam a2200193Ia 4500
005 20250423100653.0
008 250422s9999 xx 000 0 und d
020 _a9780596156657
050 _aQA 76.76.M52 .L533/
100 _aLiberty, Jesse
245 0 _aProgramming ASP.NET 3.5.
250 _a4th ed.
260 _aSebastopol
260 _bO'Reilly
260 _c2009
300 _a1144 p
650 _aActive server pages. Microsoft .NET Framework. Internet programming. Web site development.
942 _cBK
999 _c34009
_d34009